| 000 | 00602nam a2200241Ia 4500 | ||
|---|---|---|---|
| 001 | 9026 | ||
| 005 | 20240113234146.0 | ||
| 007 | ta | ||
| 008 | 050722s1956 a g b000 u eng u | ||
| 040 | _aCotton College Assam | ||
| 041 | _aeng | ||
| 082 |
_a821.9109 _bH 14 Ed |
||
| 100 | _aHall, JC . | ||
| 245 | 0 |
_aEdwin Muir / _cJC Hall. _hTextual Documents |
|
| 250 | _a1st ed. / | ||
| 260 |
_aLondon : _bBritish Council , _c1956. |
||
| 300 |
_a36p. : _bill. ; _c22cm . |
||
| 504 | _aBib. | ||
| 653 | _aEnglish-Poem-Criticism | ||
| 942 |
_2ddc _cBK |
||
| 999 |
_c9013 _d9013 |
||